000 00555nam a2200193 a 4500
001 2496
005 20140414131909.0
008 050602s19uu xx 00 eng d
020 _a81-7862-066-9
050 _aER
_bAl4 2002
100 _aChoudhury, B.R.
245 _aAlice in Wonderland /
_cLewis Carool ; retold by B. R. Choudhury.
260 _aNew Delhi :
_bSterling Press Private,
_c2002.
300 _a59 p. : ill. ; cm.
440 _aLearner Graded Readers, level 1
500 _a750 plus headwords.
650 _aFiction.
999 _c111117
_d111117